Southville International School and Colleges
Your cart is empty.
  • Cart
  • Lists
    Public lists Eva Luna New books Lux_list list_1
    Your lists Log in to create your own lists
  • Log in to your account
  • Your cookies
  • Search history
Southville International School and Colleges
  • Advanced search
  • Recent comments
  • Most popular
  • Libraries

Log in to your account

Log in with GOOGLE


If you do not have an external account, but do have a local account, you can still log in:

  1. Home
  2. MARC view: Quantitative analysis for management /
Normal view MARC view ISBD view

Quantitative analysis for management / (Record no. 14695)

[ view plain ]
MARC details
000 -LEADER
fixed length control field 01107cam a22003134a 4500
001 - CONTROL NUMBER
control field 12662631
003 - CONTROL NUMBER IDENTIFIER
control field PILC
005 - DATE AND TIME OF LATEST TRANSACTION
control field 20150112093440.0
008 - FIXED-LENGTH DATA ELEMENTS--GENERAL INFORMATION
fixed length control field 020130s2003 njua b 001 0 eng
010 ## - LIBRARY OF CONGRESS CONTROL NUMBER
LC control number 2002019111
020 ## - INTERNATIONAL STANDARD BOOK NUMBER
International Standard Book Number 9780071285506
040 ## - CATALOGING SOURCE
Original cataloging agency DLC
Transcribing agency DLC
Modifying agency DLC
042 ## - AUTHENTICATION CODE
Authentication code pcc
050 00 - LIBRARY OF CONGRESS CALL NUMBER
Classification number HD 30.25
Item number .R397 2003
082 00 - DEWEY DECIMAL CLASSIFICATION NUMBER
Classification number G 658.049
Item number H55 2009
100 1# - MAIN ENTRY--PERSONAL NAME
Personal name Render, Barry
9 (RLIN) 17779
245 10 - TITLE STATEMENT
Title Quantitative analysis for management /
Statement of responsibility, etc Barry Render ... [et.al]
250 ## - EDITION STATEMENT
Edition statement 8th ed.
260 ## - PUBLICATION, DISTRIBUTION, ETC. (IMPRINT)
Place of publication, distribution, etc Upper Saddle River, N.J. :
Name of publisher, distributor, etc Prentice Hall,
Date of publication, distribution, etc 2009.
300 ## - PHYSICAL DESCRIPTION
Extent 726 pages :
Other physical details illustration ;
Dimensions 26 cm.
504 ## - BIBLIOGRAPHY, ETC. NOTE
Bibliography, etc Includes bibliographical references and index.
650 #0 - SUBJECT ADDED ENTRY--TOPICAL TERM
Topical term or geographic name as entry element Decision making
General subdivision Mathematical models.
9 (RLIN) 17828
650 #0 - SUBJECT ADDED ENTRY--TOPICAL TERM
Topical term or geographic name as entry element Management
General subdivision Statistical methods.
9 (RLIN) 17829
700 1# - ADDED ENTRY--PERSONAL NAME
Personal name Stair, Ralph M.
9 (RLIN) 9326
700 1# - ADDED ENTRY--PERSONAL NAME
Personal name Hanna, Michael E.
9 (RLIN) 17782
906 ## - LOCAL DATA ELEMENT F, LDF (RLIN)
a 7
b cbc
c orignew
d 1
e ocip
f 20
g y-gencatlg
942 ## - ADDED ENTRY ELEMENTS (KOHA)
Source of classification or shelving scheme Library of Congress Classification
Koha item type Books
Holdings
Withdrawn status Lost status Source of classification or shelving scheme Damaged status Home library Current library Shelving location Date acquired Total Checkouts Full call number Barcode Date last seen Copy number Price effective from Koha item type Source of acquisition Sub Shelving location
    Library of Congress Classification   Southville International School Affiliated with Foreign Universities Library Southville International School Affiliated with Foreign Universities Library Southville Foreign University Section 09/10/2013   HD 30.25 .R397 2003 SFU1155 05/15/2018 1 09/10/2013 Books    
    Library of Congress Classification   Southville International School Affiliated with Foreign Universities Library Southville International School Affiliated with Foreign Universities Library Southville Foreign University Section 10/23/2013   HD 30.25 .R397 2003 SFU1584 05/15/2018 2 10/23/2013 Books    
    Library of Congress Classification   Southville International School Affiliated with Foreign Universities Library Southville International School Affiliated with Foreign Universities Library Southville Foreign University Section 07/03/2015   HD 30.25 .R397 2003 SFU2250 05/15/2018   07/03/2015 Books Library Fund  
    Library of Congress Classification   Southville International School Affiliated with Foreign Universities Library Southville International School Affiliated with Foreign Universities Library Southville Foreign University Section 07/03/2015   HD 30.25 .R397 2003 SFU2251 05/15/2018   07/03/2015 Books Library Fund  

Quantitative analysis for management /

APA

Render B., Stair R. M. & Hanna M. E. (2009). Quantitative analysis for management. Upper Saddle River, N.J: Prentice Hall.

Chicago

Render Barry, Stair Ralph M and Hanna Michael E. 2009. Quantitative analysis for management. Upper Saddle River, N.J: Prentice Hall.

Harvard

Render B., Stair R. M. and Hanna M. E. (2009). Quantitative analysis for management. Upper Saddle River, N.J: Prentice Hall.

MLA

Render Barry, Stair Ralph M and Hanna Michael E. Quantitative analysis for management. Upper Saddle River, N.J: Prentice Hall. 2009.

  • Place hold
  • Print
  • Cite
  • Add to your cart (remove)
  • Save record
    BIBTEX Dublin Core MARCXML MARC (non-Unicode/MARC-8) MARC (Unicode/UTF-8) MARC (Unicode/UTF-8, Standard) MODS (XML) RIS
  • More searches
    Search for this title in:
    Other Libraries (WorldCat) Other Databases (Google Scholar) Online Stores (Bookfinder.com) Open Library (openlibrary.org)

Exporting to Dublin Core...

SOUTHVILLE LIBRARY

Southville International School and Colleges Library

1281 Tropical Ave. Cor. Luxembourg St., BF Homes International, Las Pinas City

Tel. No. 8256374 / 252358 Loc. 117/146

Powered by Koha